Normal view
MARC view
- General electrical engineering
Entry Topical Term
001 - CONTROL NUMBER
- control field: 101266
003 - CONTROL NUMBER IDENTIFIER
- control field: NUST
005 - DATE AND TIME OF LATEST TRANSACTION
- control field: 20221024134235.0
008 - FIXED-LENGTH DATA ELEMENTS
- fixed length control field: 221024|| aca||aabn | a|a d
040 ## - CATALOGING SOURCE
- Original cataloging agency: NUST
- Transcribing agency: NUST
150 ## - HEADING--TOPICAL TERM
- Topical term or geographic name entry element: General electrical engineering
670 ## - SOURCE DATA FOUND
- Source citation: Work cat.: (NUST)180285: Kemp, Philip 41132, General electrical engineering, 1947
